000 00379nam a2200145Ia 4500
008 230917s9999||||xx |||||||||||||| ||und||
040 _e74619
_aMAIN
041 _aEnglish
082 _a338.13 K967A
100 _aKurulkar, R P
245 0 _aAgriculture finance in a backward region
260 _aBombay
_bHimalaya Publishing House
_c1983
300 _axii, 223 p.
942 _cBK
999 _c39814
_d39814